000 00268nam a22001217a 4500
008 170303b xxu||||| |||| 00| 0 eng d
041 _aeng
080 _a575
100 _a6
101 _aSHM
245 _aPAPERS ON BACTERIAL GENETICS
_cADELBERG, E.A
942 _2udc
_cBK
999 _c6773
_d6773